LEADER 02866nam0 22004933i 450 001 RAV0080378 005 20251003044322.0 010 $a9788842035015 100 $a19891211d1989 ||||0itac50 ba 101 | $aita 102 $ait 181 1$6z01$ai $bxxxe 182 1$6z01$an 183 1$6z01$anc$2RDAcarrier 200 1 $aGiolitti e la nascita della Banca d'Italia nel 1893$fa cura di Guglielmo Negri$gcon la collaborazione di Sergio Cardarelli 210 $aRoma$aBari$cLaterza$d1989 215 $aXI, 521 p.$d21 cm. 225 | $aCollana storica della Banca d'Italia.$i Ser. Documenti$v3 410 0$1001CFI0167674$12001 $aCollana storica della Banca d'Italia.$i Ser. Documenti$v3$171202$aBanca d'Italia$3CFIV021176 606 $aBanca d'Italia$xStoria$2FIR$3CFIC055058$9E 676 $a332.1$9BANCHE E SERVIZI BANCARI$v12 676 $a332.1$9Banche$v14 676 $a332.1$9BANCHE$v21 676 $a332.10945$9BANCHE. Italia$v23 676 $a332.110945$9BANCHE CENTRALI. ITALIA$v19 676 $a332.110945$9BANCHE CENTRALI. ITALIA$v20 676 $a332.110945$9BANCHE CENTRALI. Italia$v21 676 $a332.110945$9BANCHE CENTRALI. Italia$v23 686 $aIT/X435.2$cBANCA D'ITALIA POLITICA MONETARIA ITALIA$2R 686 $aSe.i.7.4.22$cStoria dell'economia italiana. 1860-1914. Il sistema bancario$2F 700 1$aCardarelli$b, Sergio$f <1953- >$3CFIV093579$4340$0127286 702 1$aNegri$b, Guglielmo$3CFIV032742$4205 801 3$aIT$bIT-000000$c19891211 850 $aIT-BN0095 $aIT-AV0002 $aIT-NA0120 $aIT-NA0581 $aIT-NA0452 $aIT-AV0045 901 $bNAP MV$cCAPODANNO $nDonazione degli eredi Michele Capodanno, gennaio 2012 901 $bNAP AI$cBIBLIOTECA$n$ 901 $bNAP IS$cISEM $nSezione di storia economica dell'ex Istituto di storia economica del Mezzogiorno 901 $bNAP FC$cFONDO $n$ 901 $bNAP 01$cPOZZO LIB.$nVi sono collocati fondi di economia, periodici di ingegneria e scienze, periodici di economia e statistica e altri fondi comprendenti documenti di economia pervenuti in dono. 912 $aRAV0080378 950 0$aBiblioteca Centralizzata di Ateneo$c1 v. in 2 copie$d 01POZZO LIB.ECON MON 2687$e 0101 0000184945E VMA 1 v. precedente collocazione sez. DASES A 0162$fB $h20090608$i20090608$c1 v. in 2 copie$d 01POZZO LIB.ECON MON 2687$e 0101 0070089495E VMA (bis 1 v. (2. copia. Precedente collocazione 8 Ec 949)$fB $h20220803$i20220803$c1 v.$d 01POZZO LIB.F. PARRAVICINI 477$e 0101 0600164105E VMA 1 v. (Precedente collocazione P. 554)$fB $h20050930$i20231017 977 $a 01$a AI$a CR$a FC$a IS$a MV 996 $aGiolitti e la nascita della Banca d'Italia nel 1893$9222982 997 $aUNISANNIO